Cấu tạo tiếng Anh
Cuốn sách mô tả cách sử dụng và ý nghĩa của hầu hết các tiếp đầu ngữ và tiếp vị ngữ, các dạng bài tập để thực hành lý thuyết đã học.
Đã lưu trong:
| Tác giả chính: | |
|---|---|
| Định dạng: | Sách |
| Năm xuất bản: |
H.
Từ điển bách khoa
2009
|
| Chủ đề: | |
| Tags: |
Thêm thẻ
Không có thẻ, Hãy là người đầu tiên gắn thẻ bản ghi này!
|
| LEADER | 00843nam a2200181 4500 | ||
|---|---|---|---|
| 082 | |a 428.1 |b NG527TH | ||
| 100 | |a Nguyễn Thu Huyền | ||
| 242 | |a English word formation | ||
| 245 | |a Cấu tạo tiếng Anh |c Nguyễn Thu Huyền chủ biên, Mỹ Hương, Thanh Hải; Hải Ninh hiệu đính | ||
| 260 | |a H. |b Từ điển bách khoa |c 2009 | ||
| 300 | |a 743tr |c 21cm | ||
| 520 | |a Cuốn sách mô tả cách sử dụng và ý nghĩa của hầu hết các tiếp đầu ngữ và tiếp vị ngữ, các dạng bài tập để thực hành lý thuyết đã học. | ||
| 653 | |a Tiếng Anh | ||
| 653 | |a Ngôn ngữ | ||
| 653 | |a Cấu tạo từ | ||
| 942 | |2 ddc |c SH | ||
| 999 | |c 11665 |d 11665 | ||
| 952 | |0 0 |1 0 |2 ddc |4 0 |6 428_100000000000000_NG527TH |7 0 |8 400 |9 100007 |a qbu |b qbu |c D4 |d 2015-11-30 |g 85000 |o 428.1 NG527TH |p 7132.c1 |r 0000-00-00 |w 2015-11-30 |y SH | ||